| 000 | 00607nam a22001697a 4500 | ||
|---|---|---|---|
| 003 | OSt | ||
| 008 | 260508b |||||||| |||| 00| 0 eng d | ||
| 020 | _a9789327246414 | ||
| 082 |
_a630.76 _bR39Q |
||
| 100 | _aRenu | ||
| 245 | _aQuestion Bank on Agricultural Sciences : for all competitive exams / by Renu and Shanker Lal | ||
| 260 |
_aLudhiana : _bKalyani Publishers ; _c2014. |
||
| 300 | _a193 p. | ||
| 650 | _aTechnology (Applied Sciences) | Agriculture and Related Technologies | Agriculture | Question Bank | CSIR, ICAR, UGC | Questions and Answers | ||
| 700 | _aLal, Shanker | ||
| 942 |
_2ddc _cBK |
||
| 999 |
_c50508 _d50508 |
||